Muqaddimah fī ʻilm al-ijtimāʻ. (Record no. 45679)

MARC details
000 -LEADER
fixed length control field 00568cam a22002171 4500
001 - CONTROL NUMBER
control field ne 63000526
003 - CONTROL NUMBER IDENTIFIER
control field DLC
005 - DATE AND TIME OF LATEST TRANSACTION
control field 20260227111742.0
008 - FIXED-LENGTH DATA ELEMENTS--GENERAL INFORMATION
fixed length control field 881022q19601963xx a 000 0 ara
010 ## - LIBRARY OF CONGRESS CONTROL NUMBER
LC control number ne 63000526
035 ## - SYSTEM CONTROL NUMBER
System control number (OCoLC)23521675
040 ## - CATALOGING SOURCE
Original cataloging agency DLC
Transcribing agency MiU
Modifying agency DLC
050 00 - LIBRARY OF CONGRESS CALL NUMBER
Classification number HM62.A7
Item number K4
100 1# - MAIN ENTRY--PERSONAL NAME
Personal name Khashshāb, Aḥmad.
245 10 - TITLE STATEMENT
Title Muqaddimah fī ʻilm al-ijtimāʻ.
260 ## - PUBLICATION, DISTRIBUTION, ETC.
Date of publication, distribution, etc. [196-. 197-]
300 ## - PHYSICAL DESCRIPTION
Extent 322, [5] p.
Other physical details diagrs.
Dimensions 21 cm.
500 ## - GENERAL NOTE
General note Romanized.
650 #0 - SUBJECT ADDED ENTRY--TOPICAL TERM
Topical term or geographic name entry element Sociology
700 1# - ADDED ENTRY--PERSONAL NAME
Personal name Barsūm, Karam Ḥabīb,
Relator term joint author.

No items available.

Powered by Koha